| 000 | 01465nam a2200373Ia 4500 | ||
|---|---|---|---|
| 001 | ebr10533599 | ||
| 003 | CaPaEBR | ||
| 006 | m u | ||
| 007 | cr cn||||||||| | ||
| 008 | 111018s2012 nju sb 001 0 eng d | ||
| 010 | _z 2011037619 | ||
| 020 | _z9780691153704 | ||
| 020 | _z9780691153711 | ||
| 020 | _z9781400842711 | ||
| 040 |
_aCaPaEBR _cCaPaEBR |
||
| 035 | _a(OCoLC)785782310 | ||
| 050 | 1 | 4 |
_aQA564 _b.Z36 2012eb |
| 082 | 0 | 4 |
_a516.3/5 _223 |
| 100 | 1 |
_aZannier, U. _q(Umberto), _d1957- |
|
| 245 | 1 | 0 |
_aSome problems of unlikely intersections in arithmetic and geometry _h[electronic resource] / _cUmberto Zannier ; with appendixes by David Masser. |
| 260 |
_aPrinceton : _bPrinceton University Press, _c2012. |
||
| 300 | _axi, 160 p. | ||
| 490 | 1 |
_aAnnals of mathematics studies ; _vno. 181 |
|
| 504 | _aIncludes bibliographical references and index. | ||
| 533 |
_aElectronic reproduction. _bPalo Alto, Calif. : _cebrary, _d2013. _nAvailable via World Wide Web. _nAccess may be limited to ebrary affiliated libraries. |
||
| 650 | 0 | _aIntersection theory. | |
| 650 | 0 | _aAlgebraic varieties. | |
| 650 | 0 | _aGeometry, Algebraic. | |
| 655 | 7 |
_aElectronic books. _2local |
|
| 700 | 1 |
_aMasser, David William, _d1948- |
|
| 710 | 2 | _aebrary, Inc. | |
| 830 | 0 |
_aAnnals of mathematics studies ; _vno. 181. |
|
| 856 | 4 | 0 |
_uhttp://site.ebrary.com/lib/rucke/Doc?id=10533599 _zAn electronic book accessible through the World Wide Web; click to view |
| 999 |
_c148288 _d148288 |
||